Grupos de Cinco #2 - Estadísticas

Estadísticas generales
  • Esta prueba ha sido intentada 9.919 veces
  • La puntuación promedio es 37 de 60
Estadísticas de respuestas
Grupo Respuesta % Correcto
Los países nórdicos Noruega
97%
Los países nórdicos Finlandia
96%
Los países nórdicos Suecia
96%
Los paralelos principales Círculo polar {ártico}
94%
Los países nórdicos Dinamarca
93%
Los países nórdicos Islandia
93%
Los nombres masculinos españoles más comunes que comienzan con J Juan
91%
Los paralelos principales Trópico de {Cáncer}
89%
Los paralelos principales Círculo polar {antártico}
87%
Los "cinco grandes" (animales) de África Elefante Africano
87%
Los "Cinco Permanentes" de la ONU Estados Unidos
86%
Los nombres masculinos españoles más comunes que comienzan con J José
86%
Los ingredientes de la tortilla de patatas Patata
86%
Los paralelos principales Trópico de {Capricornio}
84%
Los "cinco grandes" (animales) de África León
83%
Los "Cinco Permanentes" de la ONU Francia
81%
Los primeros elementos de la tabla periódica Hidrógeno
80%
Los "Cinco Permanentes" de la ONU Rusia
80%
Los paralelos principales Ecuador
79%
Los ingredientes de la tortilla de patatas Sal
78%
Los "Cinco Permanentes" de la ONU Reino Unido
77%
Los "Cinco Permanentes" de la ONU China
76%
Las cinco islas mediterráneas más grandes Chipre
76%
Los ingredientes de la tortilla de patatas Cebolla (a veces opcional)
74%
Los ingredientes de la tortilla de patatas Huevo
74%
Los ingredientes de la tortilla de patatas Aceite de oliva
73%
Los nombres masculinos españoles más comunes que comienzan con J Javier
70%
Las cinco islas mediterráneas más grandes Sicilia
70%
Los primeros elementos de la tabla periódica Helio
65%
Modern pentathlon events Natación
62%
Las cinco islas mediterráneas más grandes Cerdeña
61%
Los "cinco grandes" (animales) de África Rinoceronte negro
59%
Los nombres masculinos españoles más comunes que comienzan con J Jorge
58%
Las 5W del periodismo Cuándo
57%
Los elementos de la antigua China Agua
55%
Las cinco islas mediterráneas más grandes Córcega
55%
Las 5W del periodismo Dónde
55%
Las 5W del periodismo Por qué
55%
Las 5W del periodismo Quiénes
55%
Los elementos de la antigua China Fuego
54%
Las 5W del periodismo Qué
53%
Los primeros elementos de la tabla periódica Litio
52%
Los elementos de la antigua China Tierra
52%
Los países de una palabra que terminan con L Portugal
50%
Los países de una palabra que terminan con L Brasil
49%
Los países de una palabra que terminan con L Nepal
46%
Las cinco islas mediterráneas más grandes Creta
44%
Los nombres masculinos españoles más comunes que comienzan con J Jesús
44%
Modern pentathlon events Carrera a pie campo a través
42%
Los primeros elementos de la tabla periódica Berilio
39%
Los primeros elementos de la tabla periódica Boro
37%
Los países de una palabra que terminan con L Senegal
34%
Los "cinco grandes" (animales) de África Leopardo
32%
Modern pentathlon events Salto ecuestre
30%
Los países de una palabra que terminan con L Israel
27%
Modern pentathlon events Tiro con pistola
25%
Los "cinco grandes" (animales) de África Búfalo cafre
24%
Los eventos del pentatlón moderno Esgrima
14%
Los elementos de la antigua China Metal
14%
Los elementos de la antigua China Madera
13%
No se encontraron pruebas coincidentes
Distribución de puntuación
Porcentaje de gente con cada puntuación
Porcentaje por número respondido
Historial de tus puntuaciones
No has intentado esta prueba.